| 000 | 00764ngm a2200169 i 4500 | ||
|---|---|---|---|
| 001 | C2-0343771 | ||
| 003 | PPAK | ||
| 005 | 20180727222828.0 | ||
| 008 | 171123s2016 ko |||| ||||| | vlkor d | ||
| 040 |
_aPPAK _beng _cPPAK _erda |
||
| 245 | 1 | 0 | _aDescendants of the sun |
| 264 | 1 |
_aSouth Korea, Korea; Klang, Selangor : _bKBS Drama Production; Multimedia Entertainment Sdn. Bhd. (Malaysia Distributor) , _c2016 |
|
| 500 | _aSummary : Two handsome South Korean young soldiers in special forces are assigned dangerous overseas missions, often in remote foreign lands. Their military life makes it difficult to maintain long-term romantic relations. One falls in love | ||
| 700 | _eauthor | ||
| 700 | 1 |
_aChoi, Jung-won ; Kim, Young-joo, _eeditor |
|
| 942 |
_2ddc _cDVD |
||
| 999 |
_c168081 _d168081 |
||